000 00318nam a2200133Ia 4500
008 100328s9999 xx 000 0 und d
082 _b57405
100 _aDicklev Howard
245 _aDeveloper's Hand Book
260 _bBPB
630 _aDeveloper's Hand Book
730 _aDeveloper's Hand Book
942 _cBOOK
999 _c543853
_d543850